Los principales tipos de nubes - Mapa - Estadísticas

Estadísticas generales
  • Esta prueba ha sido intentada 31 veces
  • La puntuación promedio es 4 de 10
Respuestas en el mapa
Las respuestas están codificadas por una escala verde-roja en el mapa de la prueba según el % correcto abajo.
 
Estadísticas de respuestas
Respuesta % Correcto
Cumulonimbos
56%
Cirros
52%
Estratos
48%
Cúmulos
40%
Altocúmulos
36%
Altoestratos
36%
Cirroestratos
36%
Cirrocúmulos
32%
Estratocúmulos
32%
Nimboestratos
28%
No se encontraron pruebas coincidentes
Distribución de puntuación
Porcentaje de gente con cada puntuación
Porcentaje por número respondido
Historial de tus puntuaciones
No has intentado esta prueba.